| 000 | 00665nam a2200253Ia 4500 | ||
|---|---|---|---|
| 008 | 160517s9999 xx 000 0 und d | ||
| 020 | _a0-07-226092-0 | ||
| 050 | _aComSc QA 76.5 | ||
| 050 | _b.B35 2006 | ||
| 100 | _aBall, Derek. | ||
| 245 | _aHow to do everything with your iPAQ pocket PC / | ||
| 245 | _cDerek Ball, Dayton Foster. | ||
| 250 | _a3rd Edition | ||
| 260 | _aNew York : | ||
| 260 | _bMcGraw-Hill Tech. Educ., | ||
| 260 | _c2006 | ||
| 300 | _a428 pages : | ||
| 300 | _bill. ; | ||
| 300 | _c23 cm. | ||
| 500 | _aIncludes index. | ||
| 650 | _aiPAQ (Pocket computer). | ||
| 650 | _aPocket computers. | ||
| 650 | _xPortable computers. | ||
| 999 |
_c294160 _d294160 |
||